Principles of mobile computing (Record no. 177993)

MARC details
000 -LEADER
fixed length control field 00449nam a2200169Ia 4500
008 - FIXED-LENGTH DATA ELEMENTS--GENERAL INFORMATION
fixed length control field 231217s9999 xx 000 0 und d
020 ## - INTERNATIONAL STANDARD BOOK NUMBER
International Standard Book Number 8181280733
041 ## - LANGUAGE CODE
Language code of text/sound track or separate title English
082 ## - DEWEY DECIMAL CLASSIFICATION NUMBER
Classification number 621.38415 HAN;2 R1
100 ## - MAIN ENTRY--PERSONAL NAME
Personal name Hansmann, UweMerk, LotharNicklous, Martin S etc
245 #0 - TITLE STATEMENT
Title Principles of mobile computing
250 ## - EDITION STATEMENT
Edition statement 2nd ed.
260 ## - PUBLICATION, DISTRIBUTION, ETC.
Date of publication, distribution, etc. 2003
Name of publisher, distributor, etc. Springer
Place of publication, distribution, etc. New York
300 ## - PHYSICAL DESCRIPTION
Extent xx+448
650 ## - SUBJECT ADDED ENTRY--TOPICAL TERM
Topical term or geographic name entry element mobile,computing
942 ## - ADDED ENTRY ELEMENTS (KOHA)
Koha item type Books
Holdings
Date last seen Total checkouts Full call number Accession number Uniform resource identifier Cost, total (INR) price Price effective from Category Lost status Damaged status Department Withdrawn status Home library Current library Shelving location Entry date Vendor Cost, normal purchase price Grants Billnumber Billdate Currency symbol Conversion rate Discount Old discount
26/01/2024   621.38415 HAN;2 R1 42650 digital/contents/58160.pdf 275.71 26/01/2024 Books     Central Library   Central Library Central Library Central Library 19/08/2006 Sapna Book House 349.00 CS/PG 35931 25/06/2008 RS 1 73.29 21
26/01/2024   621.38415 HAN;3 42651 digital/contents/58160.pdf 275.71 26/01/2024 Books     CS   Central Library Central Library CS 19/08/2006 Sapna Book House 349.00 CS/PG 35931 25/06/2008 RS 1 73.29 21

© For any Suggestions or Query, please contact the library staff @ librarian@pes.edu or Phone: +9180 2672 1983/ 2108.